| 000 | 00735 a2200205 4500 | ||
|---|---|---|---|
| 001 | 131115 | ||
| 020 | _a85-02-01062-X | ||
| 040 | _cLeonardo Da Vinci | ||
| 041 | _aPortuguês | ||
| 082 |
_a574 L855b _bL855b |
||
| 100 | _aLOPES, Sônia Godoy Bueno Carvalho | ||
| 245 |
_aBIO 1 _bintroduçao à biologia, origem da vida, citologia, embriologia e histologia |
||
| 250 | _a13.ed | ||
| 260 |
_bSaraiva _c1994 _aSão Paulo |
||
| 300 | _a269 | ||
| 362 | _a19940000 | ||
| 500 | _aTítulo anterior - Bio: Livro Azul | ||
| 697 |
_aBiologia _aOrigem da vida _aCitologia _aCélula _aQuímica _aDivisão celular _aMenbranas _aCitoplasma _aEmbriologia _aHistologia _aSistema muscular _aSistema nervoso _aSistema vascular _aEnsino Médio |
||
| 942 | _cBK | ||
| 999 |
_c131115 _d131115 |
||